Faculty of Law Library — Cairo University

Official Online Catalog

الحد من مخاطر الحريق في المدن : (Record no. 54732)

MARC details
000 -LEADER
fixed length control field 01439nam a2200325 i 4500
003 - CONTROL NUMBER IDENTIFIER
control field EG-GICUC
005 - DATE AND TIME OF LATEST TRANSACTION
control field 20260121101650.0
008 - FIXED-LENGTH DATA ELEMENTS--GENERAL INFORMATION
fixed length control field 260105s2014 ua adf|f |||| 00| 0 ara d
040 ## - CATALOGING SOURCE
Original cataloging agency EG-GICUC
Language of cataloging ara
Transcribing agency EG-GICUC
Modifying agency EG-GICUC
Description conventions rda
041 ## - LANGUAGE CODE
Language code of text/sound track or separate title ara
082 04 - DEWEY DECIMAL CLASSIFICATION NUMBER
Edition number 21
Classification number 345.324
Item number أ ح . ح
092 04 - LOCALLY ASSIGNED DEWEY CALL NUMBER (OCLC)
Edition number 21
099 ## - LOCAL FREE-TEXT CALL NUMBER (OCLC)
Classification number Law1 07 345.324 أ ح . ح 2014
100 0# - MAIN ENTRY--PERSONAL NAME
Personal name أحمد وهبه نصر علي
Relator term مؤلف.
245 12 - TITLE STATEMENT
Title الحد من مخاطر الحريق في المدن :
Remainder of title دراسة حالة مدينة القاهرة /
Statement of responsibility, etc. أحمد وهبه نصر علي .
264 #1 - PRODUCTION, PUBLICATION, DISTRIBUTION, MANUFACTURE, AND COPYRIGHT NOTICE
Place of production, publication, distribution, manufacture القاهرة :
Name of producer, publisher, distributor, manufacturer [الناشر غير محدد] ،
Date of production, publication, distribution, manufacture, or copyright notice 2014 .
300 ## - PHYSICAL DESCRIPTION
Extent 261 ؛ صفحة
Other physical details إيضاحيات، صور، جداول، إحصائيات ؛
Dimensions 24 سم
336 ## - CONTENT TYPE
Source rda content
Content type term text
337 ## - MEDIA TYPE
Source rda media
Media type term Computer
338 ## - CARRIER TYPE
Source rda carrier
Carrier type term Online Resource
500 ## - GENERAL NOTE
General note أطروحة مقدمة لاستكمال متطلبات الحصول على درجة دكتوراه الفلسفة في الإدارة العامة
504 ## - BIBLIOGRAPHY, ETC. NOTE
Bibliography, etc. note . 261-253 ببليوجرافيا: صفحات.
504 ## - BIBLIOGRAPHY, ETC. NOTE
Bibliography, etc. note يشتمل على إرجاعات ببليوجرافية
650 14 - SUBJECT ADDED ENTRY--TOPICAL TERM
Topical term or geographic name entry element طرق ادارة المرافق العامة
Geographic subdivision القاهرة
Source of heading or term qrmak
650 14 - SUBJECT ADDED ENTRY--TOPICAL TERM
Topical term or geographic name entry element القانون الإداري
Geographic subdivision القاهرة
651 1# - SUBJECT ADDED ENTRY--GEOGRAPHIC NAME
Source of heading or term qrmak
856 40 - ELECTRONIC LOCATION AND ACCESS
Uniform Resource Identifier <a href="https://fll.law.cu.edu.eg/fulltext/bks/B07-01336.pdf">https://fll.law.cu.edu.eg/fulltext/bks/B07-01336.pdf</a>
905 ## - Cataloger and Reviser Names
Cataloger Name: Yasmin Essam
942 ## - ADDED ENTRY ELEMENTS (KOHA)
Source of classification or shelving scheme Dewey Decimal Classification
Koha item type Books
Edition 21
Suppress in OPAC No
Holdings
Withdrawn status Lost status Source of classification or shelving scheme Damaged status Not for loan Collection Home library Current library Date acquired Total checkouts Full call number Barcode Date last seen Copy number Price effective from Koha item type
    Dewey Decimal Classification   Not for loan القانون الإداري جــــامعة القــاهرة مكتبة كلية الحقوق - المبنى الرئيسي 05.01.2026   Law1 07 345.324 أ ح . ح 2014 0701336 C1 B07-01336 05.01.2026 1 05.01.2026 Books

© All rights reserved — Faculty of Law, Cairo University